000 00281nam a22001337a 4500
008 171123b xxu||||| |||| 00| 0 eng d
020 _a070551979
041 _aeng
080 _a51
100 _a38
101 _aMAT
245 _aNUMERICAL ANALYSIS
_cSCHEID,F
942 _2udc
_cBK
999 _c38414
_d38414